000 00888nam a2200265Ia 4500
003 OSt
005 20221005105122.0
006 a|||||r|||| 00| 0
007 ta
008 221004b |||||||| |||| 00| 0 hin d
020 _a8185117144
024 _a65819
037 _cTextual
040 _aCRL
_cCRL
_bhin
041 _2hin
_ahin
082 _aO152,3N513,RN, [P2]
100 _aचंदेल, रूपसिंह
245 0 _aरूकेगा नहीं सवेरा
246 _aRūkegā nahīan saverā
260 _aदिल्ली
_bहिन्दी साहित्य संसार उद्योग भारत
_c2002
300 _a157पृ0
_ccm.
650 _aहिन्दी साहित्य
942 _hO152,3N513,RN, [P2]
_cTEXL
_2cc
999 _c1014816
_d1014816